[Event "ChessKid Cup Div 2 L"]
[Site "chess.com INT"]
[Date "2023.05.23"]
[Round "1.1"]
[White "Andreikin, Dmitry"]
[Black "Bharath, Subramaniyam H"]
[Result "1/2-1/2"]
[WhiteTitle "GM"]
[BlackTitle "GM"]
[WhiteElo "2729"]
[BlackElo "2517"]
[WhiteFideId "4158814"]
[BlackFideId "46634827"]
[EventDate "2023.05.23"]
[EventType "k.o."]

1. d4 d5 2. c4 c6 3. Nf3 Nf6 4. e3 Bf5 5. Nc3 e6 6. Nh4 Be4 7. f3 Bg6 8. Qb3 Qc7
9. Bd2 a5 10. Rc1 Be7 11. Be2 Nbd7 12. cxd5 Nxd5 13. Nxg6 hxg6 14. f4 Bh4+ 15.
Kf1 Nxc3 16. bxc3 g5 17. Bf3 gxf4 18. exf4 O-O 19. g3 Be7 20. Kg2 a4 21. Qb1 Nf6
22. Rhe1 Bd6 23. c4 Rfd8 24. Bc3 Be7 25. f5 exf5 26. Qxf5 Qd7 27. Qxd7 Rxd7 28.
Rb1 Ne8 29. d5 cxd5 30. Bxd5 Bf6 31. Bb4 Rc8 32. Ba3 Nc7 33. Rxb7 Rcd8 34. Bb4
Nxd5 35. Rxd7 Rxd7 36. cxd5 Rxd5 37. Re8+ Kh7 38. Ra8 Rd4 39. a3 Rc4 40. Kf3 Bb2
41. Re8 Bc3 42. Bxc3 Rxc3+ 43. Re3 Rc2 44. h4 Kg6 45. Kf4 Rc4+ 46. Re4 Rxe4+ 47.
Kxe4 Kh5 48. Kf5 g6+ 49. Kf6 Kg4 50. Kxf7 Kxg3 51. Kxg6 Kxh4 52. Kf5 Kh5 53. Ke4
Kg6 54. Kd4 Kf7 55. Kc4 Ke8 56. Kb4 Kd7 57. Kxa4 Kc6 58. Ka5 Kb7 59. Kb5 Ka8 60.
a4 Kb8 61. a5 Ka8 62. a6 Kb8 63. Kb6 Ka8 64. a7 1/2-1/2

[Event "ChessKid Cup Div 2 L"]
[Site "chess.com INT"]
[Date "2023.05.23"]
[Round "1.2"]
[White "Bharath, Subramaniyam H"]
[Black "Andreikin, Dmitry"]
[Result "1/2-1/2"]
[WhiteTitle "GM"]
[BlackTitle "GM"]
[WhiteElo "2517"]
[BlackElo "2729"]
[WhiteFideId "46634827"]
[BlackFideId "4158814"]
[EventDate "2023.05.23"]
[EventType "k.o."]

1. d4 Nf6 2. Bf4 c5 3. e3 g6 4. Nf3 Bg7 5. Be2 d6 6. h3 Qb6 7. Qc1 Nd5 8. Bh2
cxd4 9. exd4 Nc6 10. c3 Bf5 11. Na3 Rc8 12. Nc4 Qd8 13. O-O O-O 14. a4 Nb6 15.
Ne3 Be6 16. Qd1 Na5 17. Ra3 Nbc4 18. Nxc4 Nxc4 19. Rb3 Bd5 20. Rb5 e6 21. Nd2 a6
22. Rb4 Na5 23. Bf3 Bxf3 24. Qxf3 d5 25. Nb3 Nxb3 26. Rxb3 Qd7 27. a5 Rc4 28.
Qg3 Rd8 29. Rb6 Bf8 30. Qg5 Be7 31. Qh6 Bf8 32. Qg5 Be7 33. Qh6 Ra4 34. Be5 f6
35. Bg3 Re8 36. Re1 Bf8 37. Qf4 Kf7 38. Qc7 Qxc7 39. Bxc7 Rxa5 40. Rxb7 Re7 41.
Bxa5 Rxb7 42. Rb1 Bd6 43. Kf1 e5 44. dxe5 Bxe5 45. Bb4 d4 46. Ra1 dxc3 47. Bxc3
Bxc3 48. bxc3 Rb3 49. Rxa6 Rxc3 50. Ra7+ Kg8 51. g3 Rb3 52. Kg2 Rc3 53. Rb7 Ra3
54. Rc7 Rb3 55. Rd7 Ra3 56. Rc7 Rb3 57. Rd7 Ra3 58. Rc7 1/2-1/2

[Event "ChessKid Cup Div 2 L"]
[Site "chess.com INT"]
[Date "2023.05.23"]
[Round "1.3"]
[White "Bharath, Subramaniyam H"]
[Black "Andreikin, Dmitry"]
[Result "0-1"]
[WhiteTitle "GM"]
[BlackTitle "GM"]
[WhiteElo "2517"]
[BlackElo "2729"]
[WhiteFideId "46634827"]
[BlackFideId "4158814"]
[EventDate "2023.05.23"]
[EventType "k.o."]

1. d4 Nf6 2. Bf4 c5 3. d5 g6 4. Nc3 d6 5. e4 Bg7 6. Bb5+ Bd7 7. a4 O-O 8. Nf3
Na6 9. O-O Nc7 10. Bc4 Bg4 11. h3 Bxf3 12. Qxf3 Nd7 13. Qe2 Rb8 14. Bg3 a6 15.
f4 b5 16. axb5 Bxc3 17. bxc3 axb5 18. Ba2 c4 19. Bb1 Ra8 20. Rxa8 Qxa8 21. f5
Ne8 22. Bf2 Nef6 23. Bd4 Ne5 24. Qe3 Kg7 25. Qf4 Nfd7 26. g4 f6 27. h4 Qe8 28.
Kg2 gxf5 29. exf5 Qf7 30. g5 Qxd5+ 31. Kh3 Kf7 32. Be3 Nc5 33. Qd4 Qe4 34. Kg3
Rg8 35. Ba2 Ra8 36. Bb1 Rg8 37. Kh3 Ra8 38. h5 fxg5 39. f6 g4+ 40. Kg3 exf6 41.
Qd2 Qf3+ 42. Rxf3 Ne4+ 43. Kh4 Nxf3+ 0-1

[Event "ChessKid Cup Div 2 L"]
[Site "chess.com INT"]
[Date "2023.05.23"]
[Round "1.1"]
[White "Rasulov, Vugar"]
[Black "Le, Tuan Minh"]
[Result "0-1"]
[WhiteTitle "GM"]
[BlackTitle "GM"]
[WhiteElo "2523"]
[BlackElo "2542"]
[WhiteFideId "13402390"]
[BlackFideId "12401153"]
[EventDate "2023.05.23"]
[EventType "k.o."]

1. c4 c6 2. e4 e6 3. Nc3 d5 4. d4 Bb4 5. exd5 exd5 6. Nf3 Nf6 7. Be2 O-O 8. O-O
h6 9. Bf4 Re8 10. Rc1 Bg4 11. cxd5 Nxd5 12. Bg3 Be6 13. Bd3 Nd7 14. Bb1 Nf8 15.
Ne5 Nf6 16. Re1 Qb6 17. a3 Bxc3 18. bxc3 c5 19. Bd3 cxd4 20. Rb1 Qa5 21. cxd4
Qxa3 22. Rxb7 Rac8 23. Qa1 Qxa1 24. Rxa1 Red8 25. Nf3 Bd5 26. Rbxa7 Bxf3 27.
gxf3 Rxd4 28. Bf5 Rc5 29. Bh3 h5 30. R7a6 Ng6 31. Bb8 Rd3 32. Bg2 Nh4 33. f4 Rd2
34. Ba7 Rb5 35. Be3 Rdb2 36. Bf1 Rb8 37. Ra8 Ng4 38. Rxb8+ Rxb8 39. Ba7 Rb4 40.
h3 Nf6 41. Be3 Nd5 42. Bd3 f5 43. Bc5 Rxf4 44. Rd1 Kh7 45. Be2 Nc3 46. Rd2 Nxe2+
47. Rxe2 Rc4 48. Bd6 f4 49. Kf1 Kg6 50. Ra2 Kf5 51. Ra5+ Ke4 52. Rxh5 Kf3 53.
Ke1 Ng2+ 54. Kd2 Rd4+ 55. Kc3 Rxd6 56. Rg5 Kxf2 57. Rxg7 f3 0-1

[Event "ChessKid Cup Div 2 L"]
[Site "chess.com INT"]
[Date "2023.05.23"]
[Round "1.2"]
[White "Le, Tuan Minh"]
[Black "Rasulov, Vugar"]
[Result "1/2-1/2"]
[WhiteTitle "GM"]
[BlackTitle "GM"]
[WhiteElo "2542"]
[BlackElo "2523"]
[WhiteFideId "12401153"]
[BlackFideId "13402390"]
[EventDate "2023.05.23"]
[EventType "k.o."]

1. d4 Nf6 2. Nf3 d5 3. c4 e6 4. Nc3 c6 5. Bg5 h6 6. Bxf6 Qxf6 7. Qb3 dxc4 8.
Qxc4 Nd7 9. Rd1 Qe7 10. g3 Nb6 11. Qb3 Qb4 12. Qxb4 Bxb4 13. a3 Be7 14. e3 O-O
15. Be2 Rd8 16. O-O Nd5 17. Rc1 Bd7 18. Ne4 Be8 19. Rfd1 a5 20. Nc5 Ra7 21. Ne5
Bd6 22. Bf3 Kf8 23. Kg2 Ke7 24. h4 Nb6 25. Ned3 Nd7 26. Nxd7 Bxd7 27. Nc5 Bc8
28. Na4 Bc7 29. Nc3 Bb8 30. Na4 Bc7 31. Nc3 Rd7 32. e4 Ra6 33. d5 Be5 34. Na4
Rd8 35. Be2 Ra7 36. f4 Bb8 37. Nb6 exd5 38. Nxc8+ Rxc8 39. exd5 a4 40. Bg4 Rd8
41. dxc6 bxc6 42. Rxd8 Kxd8 43. Rxc6 Rb7 44. Rc8+ Ke7 45. Rc2 Ba7 46. Bf3 Rd7
47. Bg4 Rb7 48. Bf3 Rd7 49. Bg4 Rb7 1/2-1/2

[Event "ChessKid Cup Div 2 L"]
[Site "chess.com INT"]
[Date "2023.05.23"]
[Round "1.1"]
[White "Kravtsiv, Martyn"]
[Black "Mamedyarov, Shakhriyar"]
[Result "0-1"]
[WhiteTitle "GM"]
[BlackTitle "GM"]
[WhiteElo "2598"]
[BlackElo "2738"]
[WhiteFideId "14113147"]
[BlackFideId "13401319"]
[EventDate "2023.05.23"]
[EventType "k.o."]

1. e4 e5 2. Nf3 Nf6 3. Nc3 Nc6 4. d4 Bb4 5. Nxe5 Qe7 6. Qd3 Nxe5 7. dxe5 Qxe5 8.
Bd2 O-O 9. O-O-O Bxc3 10. Bxc3 Qf4+ 11. Rd2 d5 12. Qf3 Qxe4 13. Bxf6 Qxf3 14.
gxf3 gxf6 15. Rxd5 Kh8 16. Bd3 Rg8 17. Rh5 Rg7 18. Rh6 f5 19. Rh5 Rg2 20. Bxf5
Bxf5 21. Rxf5 Kg7 22. Rd1 Kg6 23. Rc5 c6 24. Rd6+ f6 25. h4 Re8 26. h5+ Kf7 27.
b4 Re1+ 28. Kb2 Ke7 29. Rd2 Rg5 30. Rxg5 fxg5 31. Rd4 Rh1 32. f4 Rxh5 33. fxg5
Rxg5 34. Kc3 h5 35. a4 Kf6 36. Rd6+ Kf5 37. Rd7 h4 38. Rxb7 h3 39. Rxa7 Kg6 40.
Ra8 Kh7 41. Ra7+ Rg7 42. Ra5 Kh6 43. Re5 h2 44. Re1 Rg1 45. Re8 Kh7 46. Re7+ Rg7
47. Re1 Rg1 48. Re6 h1=Q 0-1

[Event "ChessKid Cup Div 2 L"]
[Site "chess.com INT"]
[Date "2023.05.23"]
[Round "1.2"]
[White "Mamedyarov, Shakhriyar"]
[Black "Kravtsiv, Martyn"]
[Result "1-0"]
[WhiteTitle "GM"]
[BlackTitle "GM"]
[WhiteElo "2738"]
[BlackElo "2598"]
[WhiteFideId "13401319"]
[BlackFideId "14113147"]
[EventDate "2023.05.23"]
[EventType "k.o."]

1. d4 g6 2. Nf3 Bg7 3. e4 d6 4. Bc4 a6 5. a4 c6 6. Nc3 e6 7. O-O Ne7 8. Re1 O-O
9. Bf4 b6 10. h4 Bb7 11. h5 b5 12. Bd3 b4 13. Ne2 c5 14. c3 Nbc6 15. Qd2 bxc3
16. bxc3 cxd4 17. cxd4 a5 18. Bh6 Nb4 19. Bxg7 Kxg7 20. Ng3 Ng8 21. Bb5 Rc8 22.
Rac1 Qe7 23. Rxc8 Rxc8 24. Rc1 Rxc1+ 25. Qxc1 Nf6 26. h6+ Kh8 27. e5 dxe5 28.
Nxe5 Nbd5 29. Qc5 Kg8 30. Nc4 Qxc5 31. dxc5 Kf8 32. Nxa5 Bc8 33. Nc4 Ke7 34. Nd6
Bd7 35. Nge4 Bxb5 36. axb5 Nd7 37. Nc8+ Kd8 38. Na7 f6 39. b6 Ne7 40. b7 Kc7 41.
c6 1-0

[Event "ChessKid Cup Div 2 L"]
[Site "chess.com INT"]
[Date "2023.05.23"]
[Round "1.1"]
[White "Gharibyan, Mamikon"]
[Black "Meier, Georg"]
[Result "1/2-1/2"]
[WhiteTitle "IM"]
[BlackTitle "GM"]
[WhiteElo "2500"]
[BlackElo "2614"]
[WhiteFideId "13308300"]
[BlackFideId "4675789"]
[EventDate "2023.05.23"]
[EventType "k.o."]

1. d4 e6 2. c4 b6 3. Nc3 Bb4 4. e4 Bb7 5. f3 Ne7 6. Bd3 e5 7. a3 Bxc3+ 8. bxc3
Nbc6 9. Be3 d6 10. Ne2 O-O 11. O-O Na5 12. Ng3 Ba6 13. Qe2 c5 14. d5 Qd7 15. a4
f6 16. f4 exf4 17. Bxf4 Rae8 18. h4 Ng6 19. Nf5 Ne5 20. Bxe5 Rxe5 21. h5 Bc8 22.
h6 g6 23. Ng7 Qg4 24. Qxg4 Bxg4 25. Rf4 Bd7 26. Raf1 Nb7 27. Rxf6 Rxf6 28. Rxf6
Re7 29. Ne6 Rf7 30. Rxf7 Kxf7 31. Ng5+ Kg8 32. Bc2 Nd8 33. e5 dxe5 34. Kf2 Nf7
35. Ne4 Bf5 36. Nf6+ Kf8 37. Bd1 Ke7 38. Ng8+ Kf8 39. Nf6 Nxh6 40. Nxh7+ Ke7 41.
Ke3 Nf7 42. g4 Bb1 43. g5 Ba2 44. Bc2 Bxc4 45. Bxg6 Bxd5 46. Nf6 Bb3 47. Nh7
Bxa4 48. Bd3 Nd6 49. Nf6 Bd7 50. Nd5+ Kf7 51. Nf6 Be6 52. Nh5 a5 53. Bh7 Bf5 54.
Bxf5 Nxf5+ 55. Ke4 Kg6 56. Kxe5 Kxg5 57. Nf4 a4 58. Nd3 a3 59. Nc1 Ne3 60. Kd6
Kf5 61. Kc6 Ke5 62. Kxb6 Kd5 63. Kb5 Nd1 64. Ka4 Kc4 65. Kxa3 Kxc3 66. Ne2+ Kd2
67. Nf4 Ne3 68. Ne6 c4 69. Ka2 c3 70. Nd4 Nf5 71. Nxf5 c2 72. Nd4 c1=Q 73. Nb3+
Kc2 74. Nxc1 1/2-1/2

[Event "ChessKid Cup Div 2 L"]
[Site "chess.com INT"]
[Date "2023.05.23"]
[Round "1.2"]
[White "Meier, Georg"]
[Black "Gharibyan, Mamikon"]
[Result "1/2-1/2"]
[WhiteTitle "GM"]
[BlackTitle "IM"]
[WhiteElo "2614"]
[BlackElo "2500"]
[WhiteFideId "4675789"]
[BlackFideId "13308300"]
[EventDate "2023.05.23"]
[EventType "k.o."]

1. Nf3 d5 2. g3 Nf6 3. Bg2 e6 4. O-O Be7 5. c4 O-O 6. d4 a5 7. Nc3 c6 8. b3 b6
9. Re1 Ba6 10. Nd2 b5 11. c5 e5 12. dxe5 Nfd7 13. Bb2 Nxc5 14. Nf3 Nbd7 15. Rc1
b4 16. Na4 Nxa4 17. bxa4 Bc4 18. Nd2 Nb6 19. e4 Bxa2 20. Rxc6 d4 21. Bf1 Be6 22.
Bb5 Rc8 23. Rxc8 Qxc8 24. Nb3 Nc4 25. Bxd4 Rd8 26. Qc1 Nxe5 27. Bxe5 Bxb3 28.
Bc7 Rf8 29. Bxa5 Bc2 30. Qb2 b3 31. Bc3 Ba3 32. Qa1 f6 33. a5 Qc5 34. Bf1 Rc8
35. Bb2 Bxb2 36. Qxb2 Qxa5 37. Re3 Qa2 38. Qd4 b2 39. Rc3 Rxc3 40. Qd8+ Kf7 41.
Qd7+ Kf8 42. Qd8+ Kf7 43. Qd7+ Kg6 44. Qf5+ Kh6 45. Qh3+ Kg6 46. Qf5+ Kf7 47.
Qd7+ 1/2-1/2

[Event "ChessKid Cup Div 2 L"]
[Site "chess.com INT"]
[Date "2023.05.23"]
[Round "1.3"]
[White "Meier, Georg"]
[Black "Gharibyan, Mamikon"]
[Result "1-0"]
[WhiteTitle "GM"]
[BlackTitle "IM"]
[WhiteElo "2614"]
[BlackElo "2500"]
[WhiteFideId "4675789"]
[BlackFideId "13308300"]
[EventDate "2023.05.23"]
[EventType "k.o."]

1. Nf3 d5 2. g3 Nf6 3. Bg2 e6 4. O-O Be7 5. d3 O-O 6. Nbd2 a5 7. e4 a4 8. e5
Nfd7 9. c3 c5 10. Re1 Nc6 11. h4 b5 12. Nf1 b4 13. c4 Nb6 14. Qe2 Ba6 15. b3 Na5
16. Qc2 Bb7 17. Bf4 Qd7 18. h5 h6 19. Ne3 Rad8 20. Rad1 Bc6 21. d4 axb3 22. axb3
dxc4 23. dxc5 Qb7 24. Rxd8 Bxd8 25. cxb6 Bxf3 26. Bxf3 Qxf3 27. Nxc4 Nxc4 28.
bxc4 Bxb6 29. c5 Rc8 30. Be3 Qc6 31. Rc1 Bc7 32. Qc4 Rb8 33. Rb1 Bxe5 34. Rxb4
Rxb4 35. Qxb4 Qf3 36. Qb3 Bc7 37. Qd3 Qc6 38. Qc4 Qf3 39. c6 Bxg3 40. fxg3 Qxe3+
41. Kg2 Qd2+ 42. Kh3 Qd1 43. c7 Qh1+ 44. Kg4 f5+ 45. Kf4 1-0

[Event "ChessKid Cup Div 2 L"]
[Site "chess.com INT"]
[Date "2023.05.24"]
[Round "2.1"]
[White "Alekseenko, Kirill"]
[Black "Andreikin, Dmitry"]
[Result "0-1"]
[WhiteTitle "GM"]
[BlackTitle "GM"]
[WhiteElo "2686"]
[BlackElo "2729"]
[WhiteFideId "4135539"]
[BlackFideId "4158814"]
[EventDate "2023.05.23"]
[EventType "k.o."]

1. e4 c5 2. Nf3 e6 3. d4 cxd4 4. Nxd4 a6 5. a3 Nf6 6. Nc3 d6 7. g4 h6 8. Bg2 Be7
9. Be3 Bd7 10. Qe2 Nc6 11. Nxc6 bxc6 12. f4 Rb8 13. O-O-O Qa5 14. g5 hxg5 15.
fxg5 Nh5 16. Rhf1 e5 17. Qc4 Nf4 18. Bxf4 exf4 19. e5 d5 20. Nxd5 cxd5 21. Bxd5
Bxa3 22. Bxf7+ Kf8 23. Rxd7 Bxb2+ 24. Kd1 Rxh2 25. Qa2 Qb5 26. Rd3 Qxe5 27. Re1
Qxg5 28. Bd5 Qh5+ 29. Bf3 Qc5 30. c3 Bxc3 31. Re2 Qg1+ 32. Kc2 Rxe2+ 33. Bxe2
Rb2+ 0-1

[Event "ChessKid Cup Div 2 L"]
[Site "chess.com INT"]
[Date "2023.05.24"]
[Round "2.2"]
[White "Andreikin, Dmitry"]
[Black "Alekseenko, Kirill"]
[Result "0-1"]
[WhiteTitle "GM"]
[BlackTitle "GM"]
[WhiteElo "2729"]
[BlackElo "2686"]
[WhiteFideId "4158814"]
[BlackFideId "4135539"]
[EventDate "2023.05.23"]
[EventType "k.o."]

1. d4 Nf6 2. c4 e6 3. Nf3 d5 4. g3 Bb4+ 5. Bd2 Be7 6. Bg2 O-O 7. O-O Nbd7 8. Qc2
c6 9. Bf4 a5 10. Rd1 h6 11. Nc3 Nh5 12. Bc1 f5 13. Ne5 Bd6 14. f4 Nhf6 15. b3
Ne4 16. a4 Nxe5 17. fxe5 Bb4 18. Na2 Be7 19. Nc3 Bd7 20. Ba3 Bxa3 21. Rxa3 Qg5
22. Qc1 Nxc3 23. Qxc3 f4 24. Raa1 Be8 25. Rf1 Bg6 26. Bh3 Rae8 27. Qd2 fxg3 28.
Qxg5 gxh2+ 29. Kxh2 hxg5 30. cxd5 exd5 31. Kg3 Bc2 32. Kg4 Rxf1 33. Rxf1 Rf8 34.
Rc1 Bf5+ 35. Kg3 Bxh3 36. Kxh3 Rf4 37. e3 Rf3+ 38. Kg4 Rxe3 39. Kxg5 Rxb3 40.
Rf1 Rd3 41. Rb1 Kf7 42. Rxb7+ Ke6 43. Rb8 Rxd4 44. Re8+ Kf7 45. Rc8 Re4 46. Rxc6
Rxe5+ 47. Kf4 Re4+ 48. Kf5 Rxa4 49. Rc7+ Kg8 50. Rd7 Rh4 51. Kg5 Rh6 52. Ra7 d4
53. Rxa5 Rd6 54. Ra2 d3 55. Rd2 Kf7 56. Kf5 Rd5+ 57. Ke4 Ke6 58. Ke3 Ke5 59. Rg2
d2 60. Rg5+ Ke6 61. Rxd5 Kxd5 62. Kxd2 Ke4 63. Ke2 Kf4 64. Kf2 g5 65. Kf1 Kf3
66. Kg1 Kg3 67. Kh1 g4 68. Kg1 Kh3 69. Kh1 g3 70. Kg1 g2 71. Kf2 Kh2 0-1

[Event "ChessKid Cup Div 2 L"]
[Site "chess.com INT"]
[Date "2023.05.24"]
[Round "2.3"]
[White "Alekseenko, Kirill"]
[Black "Andreikin, Dmitry"]
[Result "0-1"]
[WhiteTitle "GM"]
[BlackTitle "GM"]
[WhiteElo "2686"]
[BlackElo "2729"]
[WhiteFideId "4135539"]
[BlackFideId "4158814"]
[EventDate "2023.05.23"]
[EventType "k.o."]

1. e4 c6 2. d4 d5 3. e5 Bf5 4. Nf3 e6 5. Be2 Ne7 6. c3 Nd7 7. Nbd2 c5 8. Nb3 Nc6
9. Be3 c4 10. Nbd2 b5 11. O-O Be7 12. Ne1 b4 13. g4 Bg6 14. f4 bxc3 15. bxc3 Qa5
16. Rc1 Ba3 17. f5 Bxc1 18. Qxc1 Qxa2 19. fxg6 hxg6 20. Nef3 Rb8 21. Ng5 Nd8 22.
Qe1 Rb2 23. Qf2 Rxd2 24. Nxf7 O-O 0-1

[Event "ChessKid Cup Div 2 L"]
[Site "chess.com INT"]
[Date "2023.05.24"]
[Round "2.1"]
[White "Anton Guijarro, David"]
[Black "Le, Tuan Minh"]
[Result "0-1"]
[WhiteTitle "GM"]
[BlackTitle "GM"]
[WhiteElo "2690"]
[BlackElo "2542"]
[WhiteFideId "2285525"]
[BlackFideId "12401153"]
[EventDate "2023.05.23"]
[EventType "k.o."]

1. e4 c5 2. Nf3 d6 3. Bb5+ Nd7 4. c3 Nf6 5. Bd3 g6 6. O-O Bg7 7. Re1 O-O 8. Bf1
Ne5 9. Nxe5 dxe5 10. a4 Be6 11. d3 Qc7 12. Be3 Rfd8 13. Qc2 b6 14. Na3 Nd7 15.
Rec1 Rac8 16. Qb1 Qb7 17. b4 cxb4 18. cxb4 Nf6 19. f3 Nh5 20. g3 Qd7 21. Rxc8
Rxc8 22. Nc4 f5 23. Bf2 Rf8 24. Qb2 fxe4 25. fxe4 Nf6 26. Be2 Bxc4 27. dxc4 Nxe4
28. Rd1 Qh3 29. Be1 Bh6 30. Qb3 e6 31. c5 bxc5 32. bxc5 Nxc5 33. Qa3 Ne4 34. Rd7
Nf6 35. Rd1 Ng4 0-1

[Event "ChessKid Cup Div 2 L"]
[Site "chess.com INT"]
[Date "2023.05.24"]
[Round "2.2"]
[White "Le, Tuan Minh"]
[Black "Anton Guijarro, David"]
[Result "1-0"]
[WhiteTitle "GM"]
[BlackTitle "GM"]
[WhiteElo "2542"]
[BlackElo "2690"]
[WhiteFideId "12401153"]
[BlackFideId "2285525"]
[EventDate "2023.05.23"]
[EventType "k.o."]

1. d4 d6 2. e4 g6 3. Nf3 Bg7 4. Bc4 e6 5. Bb3 Nf6 6. Nbd2 O-O 7. O-O Nc6 8. c3
a5 9. Re1 b5 10. a4 b4 11. Nf1 Rb8 12. Ng3 bxc3 13. bxc3 Ba6 14. h3 e5 15. Be3
exd4 16. Nxd4 Qd7 17. Nxc6 Qxc6 18. Bd4 Bc4 19. Bxc4 Qxc4 20. e5 Nd5 21. exd6
Bxd4 22. cxd4 cxd6 23. Ne4 Rfd8 24. Qd2 Kg7 25. Qxa5 Nb4 26. Nxd6 Qxd4 27. Rad1
Nd3 28. Rxd3 Qxd3 29. Qe5+ Kg8 30. Nxf7 Kxf7 31. Qe7+ Kg8 32. Qe6+ Kg7 33. Qe7+
Kh6 34. Qh4+ Kg7 35. Re7+ Kg8 36. Qxh7+ Kf8 37. Qg7# 1-0

[Event "ChessKid Cup Div 2 L"]
[Site "chess.com INT"]
[Date "2023.05.24"]
[Round "2.1"]
[White "Eljanov, Pavel"]
[Black "Mamedyarov, Shakhriyar"]
[Result "1/2-1/2"]
[WhiteTitle "GM"]
[BlackTitle "GM"]
[WhiteElo "2705"]
[BlackElo "2738"]
[WhiteFideId "14102951"]
[BlackFideId "13401319"]
[EventDate "2023.05.23"]
[EventType "k.o."]

1. e4 e5 2. Nf3 Nc6 3. Nc3 Nf6 4. d4 exd4 5. Nxd4 Bb4 6. Nxc6 bxc6 7. Bd3 d5 8.
exd5 cxd5 9. O-O O-O 10. h3 c6 11. Qf3 Re8 12. Bf4 Bd6 13. Rfe1 Bxf4 14. Qxf4
Be6 15. Na4 Qa5 16. b3 c5 17. c4 dxc4 18. Bxc4 Bxc4 19. Rxe8+ Rxe8 20. Qxc4 Re1+
21. Rxe1 Qxe1+ 22. Qf1 Qd2 23. Nxc5 Qxa2 24. Qe1 h5 25. Qe5 a5 26. Qd4 Qb1+ 27.
Kh2 Qc2 28. g3 Qf5 29. Kg2 g6 30. Nb7 Ne4 31. Nd6 Nxd6 32. Qxd6 Qe4+ 33. Kg1 Kh7
34. Qc7 Qe1+ 35. Kg2 Qe4+ 36. Kg1 Qd5 37. h4 Kg7 38. Qc3+ Kf8 39. Qc7 Qd1+ 40.
Kg2 Qd5+ 41. Kg1 Qd2 42. Qc8+ Kg7 43. Qc4 Kf8 44. Qc8+ Ke7 45. Qc7+ Ke6 46. Qc6+
Qd6 47. Qe4+ Qe5 48. Qc6+ Ke7 49. Qb7+ Kf6 50. Qc6+ Kg7 51. Qc4 Qe1+ 52. Kg2 Qe5
53. Kg1 Qe1+ 54. Kg2 Qe5 55. Kg1 1/2-1/2

[Event "ChessKid Cup Div 2 L"]
[Site "chess.com INT"]
[Date "2023.05.24"]
[Round "2.2"]
[White "Mamedyarov, Shakhriyar"]
[Black "Eljanov, Pavel"]
[Result "1-0"]
[WhiteTitle "GM"]
[BlackTitle "GM"]
[WhiteElo "2738"]
[BlackElo "2705"]
[WhiteFideId "13401319"]
[BlackFideId "14102951"]
[EventDate "2023.05.23"]
[EventType "k.o."]

1. d4 Nf6 2. c4 e6 3. Nf3 d5 4. Nc3 Be7 5. a3 O-O 6. Bf4 c5 7. dxc5 Bxc5 8. e3
Nc6 9. cxd5 Nxd5 10. Nxd5 exd5 11. Bd3 Be7 12. O-O Bf6 13. Rc1 Bg4 14. b4 a6 15.
h3 Bh5 16. Rc5 Bxf3 17. Qxf3 d4 18. Rd5 Qb6 19. Bd6 Ne7 20. Rh5 1-0

[Event "ChessKid Cup Div 2 L"]
[Site "chess.com INT"]
[Date "2023.05.24"]
[Round "2.1"]
[White "Le, Quang Liem"]
[Black "Meier, Georg"]
[Result "1-0"]
[WhiteTitle "GM"]
[BlackTitle "GM"]
[WhiteElo "2728"]
[BlackElo "2614"]
[WhiteFideId "12401137"]
[BlackFideId "4675789"]
[EventDate "2023.05.23"]
[EventType "k.o."]

1. d4 e6 2. Nf3 Nf6 3. c4 d5 4. Nc3 Be7 5. Bf4 O-O 6. e3 Nbd7 7. c5 c6 8. Bd3 b6
9. b4 a5 10. a3 Ba6 11. O-O Qc8 12. h3 Qb7 13. Rb1 axb4 14. axb4 Bxd3 15. Qxd3
Ra3 16. Qc2 Rfa8 17. Rfc1 h6 18. Rb2 Ra1 19. Nd2 Bd8 20. Nb3 Rxc1+ 21. Qxc1 Bc7
22. Bxc7 Qxc7 23. cxb6 Qxb6 24. Na5 e5 25. Ne2 exd4 26. exd4 Ra6 27. Qb1 Qb5 28.
Nc3 Qb8 29. Na4 Qb5 30. Qc2 g6 31. Nc3 Qb6 32. Qd2 Kg7 33. Rb1 Ra8 34. Qd3 Ne8
35. Na4 Qb5 36. Qxb5 cxb5 37. Nc5 Nb6 38. Re1 Kf8 39. g4 Nd6 40. Nc6 Rc8 41. Ne5
Kg7 42. Ra1 Ra8 43. Ra5 f6 44. Ne6+ Kh7 45. Nd7 Rxa5 46. Nxf6+ Kh8 47. bxa5 1-0

[Event "ChessKid Cup Div 2 L"]
[Site "chess.com INT"]
[Date "2023.05.24"]
[Round "2.2"]
[White "Meier, Georg"]
[Black "Le, Quang Liem"]
[Result "0-1"]
[WhiteTitle "GM"]
[BlackTitle "GM"]
[WhiteElo "2614"]
[BlackElo "2728"]
[WhiteFideId "4675789"]
[BlackFideId "12401137"]
[EventDate "2023.05.23"]
[EventType "k.o."]

1. Nf3 d5 2. g3 g6 3. Bg2 Bg7 4. d4 c6 5. O-O Nf6 6. b3 O-O 7. c4 dxc4 8. bxc4
c5 9. Bb2 cxd4 10. Nxd4 Qb6 11. Qc1 Bd7 12. Nd2 Nc6 13. e3 Rac8 14. Rb1 Qa6 15.
Bc3 b6 16. Rb3 Nxd4 17. exd4 Bc6 18. Ra3 Qb7 19. d5 Bd7 20. Re1 Rfe8 21. Qb2 Qb8
22. Bf3 h5 23. Be5 Qb7 24. Rae3 Bh6 25. R3e2 Nh7 26. h4 Bg4 27. Bxg4 hxg4 28.
Re4 Qd7 29. Nb3 b5 30. cxb5 Qxb5 31. Rxg4 Qxd5 32. h5 Ng5 33. Nd4 f6 34. Qb1 f5
35. f4 Rb8 36. Bxb8 Qxd4+ 37. Kf1 Qc4+ 38. Re2 Qd5 39. Rh4 Nf3 40. Rh3 Nd2+ 41.
Rxd2 Qxd2 42. hxg6 Kg7 43. Qb3 Qc1+ 44. Ke2 e6 45. Qa4 Rd8 46. Be5+ Kxg6 0-1

[Event "ChessKid Cup Div 2 L"]
[Site "chess.com INT"]
[Date "2023.05.24"]
[Round "3.1"]
[White "Andreikin, Dmitry"]
[Black "Le, Tuan Minh"]
[Result "1-0"]
[WhiteTitle "GM"]
[BlackTitle "GM"]
[WhiteElo "2729"]
[BlackElo "2542"]
[WhiteFideId "4158814"]
[BlackFideId "12401153"]
[EventDate "2023.05.23"]
[EventType "k.o."]

1. d4 d5 2. c4 e6 3. Nc3 a6 4. cxd5 exd5 5. Nf3 c6 6. e4 dxe4 7. Ng5 Be7 8. Bc4
Bxg5 9. Qh5 Qe7 10. Bxg5 Nf6 11. Bxf6 gxf6 12. O-O-O f5 13. Rhe1 O-O 14. g4 Qd6
15. gxf5 Qf4+ 16. Re3 Kh8 17. Rg1 Nd7 18. Ne2 Qd6 19. Be6 1-0

[Event "ChessKid Cup Div 2 L"]
[Site "chess.com INT"]
[Date "2023.05.24"]
[Round "3.2"]
[White "Le, Tuan Minh"]
[Black "Andreikin, Dmitry"]
[Result "1/2-1/2"]
[WhiteTitle "GM"]
[BlackTitle "GM"]
[WhiteElo "2542"]
[BlackElo "2729"]
[WhiteFideId "12401153"]
[BlackFideId "4158814"]
[EventDate "2023.05.23"]
[EventType "k.o."]

1. d4 Nf6 2. Nf3 d5 3. c4 e6 4. Nc3 Be7 5. Bf4 O-O 6. e3 Nbd7 7. c5 Nh5 8. Bd3
Nxf4 9. exf4 c6 10. b4 b6 11. O-O a5 12. a3 Qc7 13. g3 Ba6 14. Re1 Bf6 15. Bxa6
Rxa6 16. Qd3 Ra7 17. h4 Rfa8 18. Rac1 axb4 19. axb4 Ra3 20. Kg2 bxc5 21. bxc5
Qa5 22. Re3 Rb8 23. f5 Nf8 24. g4 exf5 25. g5 f4 26. Ree1 Rbb3 27. gxf6 Rxc3 28.
Qd2 Ne6 29. Rb1 gxf6 30. Rb8+ Kg7 31. Rxe6 Rxf3 32. Qxa5 Rxa5 33. Rxc6 Rd3 34.
Rbb6 Ra2 35. Rxf6 Rg3+ 36. Kf1 Rf3 37. h5 1/2-1/2